logo

Bir Sreshtho Munshi Abdur Rouf Library
Jhenaidah Cadet College

Introduction to College Chemistry / (Record no. 13992)

MARC details
000 -LEADER
fixed length control field 00561nam a2200217 a 4500
001 - CONTROL NUMBER
JCCL Control Number 13992
003 - CONTROL NUMBER IDENTIFIER
JCCL marc code BD-JhCC
005 - DATE AND TIME OF LATEST TRANSACTION
control field 20240522164301.0
008 - FIXED-LENGTH DATA ELEMENTS--GENERAL INFORMATION
fixed length control field 180305b1984 u a|||| ||a| 001 0 eng d
020 ## - INTERNATIONAL STANDARD BOOK NUMBER
International Standard Book Number 00707140X
035 ## - SYSTEM CONTROL NUMBER
system control number (BD-JhCC)13992
040 ## - CATALOGING SOURCE
Original cataloging agency BD-JhCC
Modifying agency BD-JhCC
041 ## - LANGUAGE CODE
Language code of Book eng
082 ## - DEWEY DECIMAL CLASSIFICATION NUMBER
Classification number 540
Author mark and Year WOF 1984
100 ## - MAIN ENTRY--PERSONAL NAME
Personal name Wolfe, Drew H.
245 ## - TITLE STATEMENT
Title Introduction to College Chemistry /
Statement of responsibility, etc Drew H.Wolfe
260 ## - PUBLICATION, DISTRIBUTION, ETC. (IMPRINT)
Place of publication, distribution, etc New York:
Name of publisher, distributor, etc McGraw-Hill BookCompany;
Date of publication, distribution, etc 1984
300 ## - PHYSICAL DESCRIPTION
Pagination 605 p;,
Dimensions 24 cm
Other physical details ill ;
650 ## - SUBJECT ADDED ENTRY--TOPICAL TERM
Topical term or geographic name as entry element Chemistry
942 ## - ADDED ENTRY ELEMENTS (KOHA)
Source of classification or shelving scheme Dewey Decimal Classification
Koha item type Books
Holdings
Source of classification or shelving scheme Damaged status Not for loan Home library Current library Shelving location Date of accession Total Checkouts Full call number Barcode Date last seen Copy number Method of acquisition Koha item type
Dewey Decimal Classification     JCC Rouf Library JCC Rouf Library General Stacks     540 WOF 1984 19515 05/22/2024 C-1 Gift/Donation Books

JCC Library | Contacts | JCC Home

Last Update on 23 September 2017
Copyright @ 2017-2020 JCC Rouf Library
Rouf Library, Jhenidah Cadet College (JCC), Bangladesh